Tính tôn sùng Phật giáo của người Khmer vùng đồng bằng sông Cửu Long /
Сохранить в:
| Главный автор: | |
|---|---|
| Формат: | Статья |
| Язык: | Vietnamese |
| Предметы: | |
| Метки: |
Добавить метку
Нет меток, Требуется 1-ая метка записи!
|
| Thư viện lưu trữ: | Thư viện Trường Đại học Đà Lạt |
|---|
| LEADER | 00787nam a2200253 4500 | ||
|---|---|---|---|
| 001 | DLU180182959 | ||
| 005 | ##20180110 | ||
| 040 | # | # | |a DLU |b vie |
| 041 | # | # | |a vie |
| 044 | # | # | |a vn |
| 100 | # | # | |a Huỳnh Văn Chẩn. |
| 245 | # | # | |a Tính tôn sùng Phật giáo của người Khmer vùng đồng bằng sông Cửu Long / |c Huỳnh Văn Chẩn. |
| 653 | # | # | |a Người Khmer |
| 653 | # | # | |a Nghi thức Phật giáo |
| 653 | # | # | |a Tính tôn sùng Phật giáo |
| 773 | # | # | |t Tâm lý học |g Số 3(180), 2014, tr. 88-99 |
| 920 | # | # | |a Phòng Tạp chí -- Trung tâm Thông tin - Thư viện Trường Đại học Đà Lạt |
| 900 | # | # | |a True |
| 911 | # | # | |a Nguyễn Thị Thu Phương |
| 925 | # | # | |a G |
| 926 | # | # | |a A |
| 927 | # | # | |a BB |
| 980 | # | # | |a Thư viện Trường Đại học Đà Lạt |